Komentáre k vyhláškam MS SR č. 246/2008 Z.z. a NBS č. 240/2008 Z.z.

Saved in:
Bibliographic Details
Main Author: Cvečková, Mária
Other Authors: Demčáková, Iveta
Format: Book Chapter
Language:Slovak
Subjects:
Tags: Add Tag
No Tags, Be the first to tag this record!

MARC

LEADER 00000naa$a2200000$$$4500
001 0080621
005 20231114100053.5
041 0 |a slo 
044 |a SK 
245 1 0 |a Komentáre k vyhláškam MS SR č. 246/2008 Z.z. a NBS č. 240/2008 Z.z.  |c Mária Cvečková, Iveta Demčáková 
610 2 0 |a euromena 
610 2 0 |a vyhlášky 
610 2 0 |a komentáre 
610 2 0 |a Slovensko 
610 2 0 |a 2008 
100 1 |a Cvečková, Mária 
700 1 |a Demčáková, Iveta